| 000 | 00440nam a2200169Ia 4500 | ||
|---|---|---|---|
| 999 |
_c156 _d156 |
||
| 003 | OSt | ||
| 005 | 20210827112020.0 | ||
| 008 | 190216s9999||||xx |||||||||||||| ||und|| | ||
| 040 | _coclc | ||
| 082 |
_a892.73 _bIMM/A |
||
| 100 |
_aImms, A D _95130 |
||
| 245 | 0 |
_aAbu Str Wa Abu Qtr / _c A D Imms |
|
| 260 | _bAl Hida Book Stals, | ||
| 300 | _a20p | ||
| 650 | _aArabic | ||
| 942 |
_cBK _2ddc _h892.73 _iIMM/A _k892.73 _mIMM/A |
||